000 00792cam a2200217 4500
008 000000n1999 000 0 eng u
020 _a1858112184
035 _a(Sirsi) u103493
050 _a346.4104343
100 _aMartin, John
245 _aCommercial leases : 50 traps for the unwary!
260 _aHerts
_bCLT Publishing
_c1999
300 _aviii, 115p. ; 24cm.
350 _a40.00
520 _aLaid out in a tried and tested format designed to maximise the usefulness to the practioner when faced with a particular 'trap'. Especially of interest to anyone involved in the construction or management of property.
650 _aCOMMERCIAL LEASES
650 _aLANDLORD AND TENANT
_96252
650 _aTENANTS' RIGHTS
690 _aLANDLORD AND TENANT-LEASES
942 _n0
999 _c100134
_d100134